| 000 | 00595nam a2200241Ia 4500 | ||
|---|---|---|---|
| 003 | OSt | ||
| 005 | 20220924132221.0 | ||
| 006 | a|||||r|||| 00| 0 | ||
| 007 | ta | ||
| 008 | 220923b |||||||| |||| 00| 0 san d | ||
| 024 | _a35982 | ||
| 037 | _cTextual | ||
| 040 |
_aARTS _cARTS _bsan |
||
| 041 |
_2san _asan |
||
| 082 | _aQ125:44X2, 15G2 | ||
| 100 | _aApastamba | ||
| 245 | 0 | _aApastambiya dharam sutram ed by George Buhler | |
| 250 | _a3rd | ||
| 260 | _c1932 | ||
| 650 | _aRELIGION | ||
| 942 |
_hQ125:44X2, 15G2 _cTEXL _2CC |
||
| 999 |
_c429634 _d429634 |
||